[Event "11th dMP Batavia GM 2019"]
[Site "Amsterdam NED"]
[Date "2019.03.09"]
[Round "8"]
[White "Lahaye,R"]
[Black "Meissner,F"]
[Result "1-0"]
[WhiteElo "2411"]
[BlackElo "2378"]
[EventDate "2019.02.28"]

1. e4 g6 2. g3 Bg7 3. Bg2 e5 4. Ne2 Ne7 5. O-O O-O 6. d4 exd4 7. Nxd4 Nbc6
8. c3 Nxd4 9. cxd4 d6 10. Nc3 c6 11. Bg5 h6 12. Be3 f5 13. d5 fxe4 14. dxc6
bxc6 15. Nxe4 Nf5 16. Qb3+ Kh7 17. Rfd1 d5 18. Bc5 Rf7 19. Nc3 Rb7 20. Qc2
Qh8 21. Rac1 Rab8 22. b3 Rf7 23. Ne2 Be5 24. Qd3 Rbb7 25. f4 Bf6 26. Bf2
Bd7 27. Nc3 Be8 28. Bf3 Rfe7 29. Na4 Ng7 30. Nc5 Rbc7 31. h4 h5 32. Na6 Rb7
33. Re1 Rxe1+ 34. Rxe1 Qf8 35. Nc5 Re7 36. Rc1 Qf7 37. b4 Nf5 38. Rc2 Kh8
39. Nb3 Bd7 40. Na5 Qe8 41. Re2 Rxe2 42. Bxe2 Kg7 43. Bf1 Qe7 44. a3 Be8
45. Nb3 Nd6 46. Nc5 Nc4 47. a4 Nb2 48. Qc2 Bf7 49. a5 Nc4 50. Qd3 Nb2 51.
Qf3 Nc4 52. a6 Nd2 53. Qd3 Ne4 54. Nxe4 dxe4 55. Qe3 Qxb4 56. Qxa7 e3 57.
Qxe3 Qa4 58. a7 Qa1 59. Qd3 Bd5 60. Qa6 Qd1 61. a8=Q Qf3 62. Q6a7+ Kh6 63.
Qf8+ 1-0

[Event "11th dMP Batavia GM 2019"]
[Site "Amsterdam NED"]
[Date "2019.03.09"]
[Round "8"]
[White "Warmerdam,Max"]
[Black "Williams,Si1"]
[Result "1-0"]
[WhiteElo "2450"]
[BlackElo "2471"]
[EventDate "2019.02.28"]

1. e4 c5 2. Nf3 d6 3. Bb5+ Nc6 4. O-O Bd7 5. Re1 Nf6 6. c3 a6 7. Bf1 Bg4 8.
d4 cxd4 9. cxd4 Bxf3 10. gxf3 e5 11. d5 Ne7 12. f4 Nc8 13. Qb3 Nd7 14. Qxb7
Ra7 15. Qc6 Be7 16. Be3 Rc7 17. Qxa6 O-O 18. Nc3 exf4 19. Bxf4 Ne5 20. Qe2
Bg5 21. Bg3 Qf6 22. Bg2 Ne7 23. Nb5 Rb7 24. a4 Rfb8 25. Ra3 N7g6 26. Rc3 h5
27. Rc6 h4 28. Rxd6 Qe7 29. Bxe5 Nxe5 30. Ra6 h3 31. Bxh3 Bf4 32. Bg2 Qh4
33. h3 g5 34. Rf6 Qh8 35. Rf5 f6 36. Qc2 Rg7 37. Kf1 g4 38. h4 Qh6 39. Nd4
Rgb7 40. Rb1 Nf3 41. Bxf3 gxf3 42. Nxf3 Rb3 43. Qe2 R3b4 44. a5 Re8 45. Re1
Bc1 46. Qc2 Bxb2 47. Rb1 Rbxe4 48. Qxb2 Rxh4 49. Ng1 Rh1 50. Qc3 Re7 51.
Rf3 Rg7 52. Rg3 Qh5 53. Rb8+ Kh7 54. Rxg7+ Kxg7 55. Qg3+ 1-0

[Event "11th dMP Batavia GM 2019"]
[Site "Amsterdam NED"]
[Date "2019.03.10"]
[Round "9"]
[White "Van der Wiel,J"]
[Black "Leenhouts,K"]
[Result "1/2-1/2"]
[WhiteElo "2394"]
[BlackElo "2443"]
[EventDate "2019.02.28"]

1. e4 c5 2. Nf3 e6 3. d4 cxd4 4. Nxd4 Nc6 5. Nc3 Qc7 6. Be2 Nf6 7. O-O Be7
8. Be3 O-O 9. f4 d6 10. Bf3 Nxd4 11. Qxd4 e5 12. Qd2 b6 13. Rfd1 Bb7 14.
Nb5 Qd7 15. Nxd6 Qxd6 16. Qxd6 Bxd6 17. Rxd6 exf4 18. Bxf4 Bxe4 19. Bg5
Bxf3 20. gxf3 Rac8 21. Bxf6 gxf6 22. c3 1/2-1/2

[Event "11th dMP Batavia GM 2019"]
[Site "Amsterdam NED"]
[Date "2019.03.10"]
[Round "9"]
[White "Meissner,F"]
[Black "Arutinian,D"]
[Result "1/2-1/2"]
[WhiteElo "2378"]
[BlackElo "2552"]
[EventDate "2019.02.28"]

1. e4 c5 2. Nf3 e6 3. d4 cxd4 4. Nxd4 a6 5. Bd3 Qc7 6. Qe2 d6 7. c4 Nd7 8.
Nc3 Ne5 9. O-O Nxd3 10. Qxd3 Nf6 11. b3 Be7 12. Qg3 O-O 13. Bb2 Re8 14.
Rad1 b6 15. Rfe1 g6 16. Rd3 Bb7 17. Qh3 Bf8 18. Qh4 Bg7 19. Red1 h6 20. Nf3
Qe7 21. Qf4 b5 22. Ba3 e5 23. Qe3 Nxe4 24. Nxe4 Bxe4 25. Qxe4 d5 26. Bxe7
dxe4 27. Rd7 exf3 28. gxf3 bxc4 29. bxc4 Bf8 1/2-1/2

[Event "11th dMP Batavia GM 2019"]
[Site "Amsterdam NED"]
[Date "2019.03.10"]
[Round "9"]
[White "Williams,Si1"]
[Black "Pijpers,A"]
[Result "1/2-1/2"]
[WhiteElo "2471"]
[BlackElo "2490"]
[EventDate "2019.02.28"]

1. d4 d5 2. c4 c6 3. Nf3 Nf6 4. Qc2 dxc4 5. e4 b5 6. b3 cxb3 7. axb3 e6 8.
Bd2 a5 9. Bd3 Na6 10. O-O Nb4 11. Bxb4 Bxb4 12. Nc3 Bb7 13. Rac1 h6 14. Qe2
O-O 15. Rfd1 Re8 16. h4 a4 17. bxa4 bxa4 18. Na2 Be7 19. e5 Nd7 20. h5 Qa5
21. Be4 Rec8 22. Nd2 Rab8 23. Qf3 a3 24. Nc4 Qa4 25. Rd3 Ba6 26. Rdc3 Bxc4
27. Rxc4 Qb3 28. Qxb3 Rxb3 29. Rxc6 Rxc6 30. Rxc6 Rb2 31. Rc2 1/2-1/2

[Event "11th dMP Batavia GM 2019"]
[Site "Amsterdam NED"]
[Date "2019.03.10"]
[Round "9"]
[White "Lopez,Ja"]
[Black "Lahaye,R"]
[Result "0-1"]
[WhiteElo "2388"]
[BlackElo "2411"]
[EventDate "2019.02.28"]

1. d4 f5 2. c4 Nf6 3. Nc3 g6 4. h4 Bg7 5. h5 Nxh5 6. Rxh5 gxh5 7. e4 O-O 8.
Qxh5 fxe4 9. Be3 e5 10. d5 d6 11. Nge2 Nd7 12. Ng3 Nf6 13. Qh1 c6 14. Bg5
cxd5 15. Nxd5 Be6 16. O-O-O Bxd5 17. Rxd5 Qb6 18. Bxf6 Rxf6 19. Nxe4 Rxf2
20. Nxf2 Qxf2 21. Rd2 Qe3 22. Kc2 Rf8 23. g3 e4 24. Bh3 Rf2 25. Be6+ Kh8
26. Rxf2 Qxf2+ 27. Kd1 e3 28. Qe1 Qf3+ 29. Qe2 Qe4 30. Qg4 Qd3+ 0-1

[Event "11th dMP Batavia GM 2019"]
[Site "Amsterdam NED"]
[Date "2019.03.10"]
[Round "9"]
[White "Kuipers,S"]
[Black "Warmerdam,Max"]
[Result "1/2-1/2"]
[WhiteElo "2455"]
[BlackElo "2450"]
[EventDate "2019.02.28"]

1. e4 e5 2. Nf3 Nc6 3. Bc4 Bc5 4. c3 Nf6 5. d3 d6 6. Bb3 a6 7. h3 h6 8.
Nbd2 Ba7 9. Nf1 Ne7 10. Qe2 Ng6 11. g3 Be6 12. Be3 Qd7 13. h4 Ne7 14. Bxa7
Rxa7 15. Ne3 Bxb3 16. axb3 Qe6 17. b4 c6 18. h5 d5 19. exd5 cxd5 20. d4 e4
21. Nh4 O-O 22. Nhg2 Nh7 23. Nf4 Qd6 24. Ra5 b5 25. Kf1 Ng5 26. Kg2 Rb7 27.
Ng4 Nf3 28. Nh2 Ng5 29. Ng4 Nf3 30. Nh2 Ng5 31. Ng4 1/2-1/2